000 00651nam a2200217Ia 4500
001 5551
003 GE_BSU
008 181216s||||||||xx |||||||||||||| ||und||
040 _cGE_BSU
100 _aბურჭულაძე, ს.
245 _aხაზვის კურსი.
245 _bსახელმძღ.
245 _cრედ. მ.ბასიშვილი, ი.სემიკინა
250 _aმესამე გამოცემა.
260 _aთბ.
260 _bგანათლება.
260 _c1971.
300 _a340გვ; ილ; 27 სმ.
653 _aხაზვა.
942 _cBK
999 _c39034
_d39034